| 000 | 00463nam a22001817a 4500 | ||
|---|---|---|---|
| 005 | 20180706171113.0 | ||
| 008 | 160512b xxu||||| |||| 00| 0 eng d | ||
| 020 | _a81-203-2016-6 | ||
| 041 | _aeng | ||
| 082 |
_b1658 _a658.15 |
||
| 100 |
_aHorne, James C.VAN. Wachowicz, Jr.John M. _94462 |
||
| 245 | _aFundamental of Financial Management | ||
| 250 | _a11TH ED. | ||
| 260 |
_aNew Delhi _bPHI, _c2001 |
||
| 300 | _a743 | ||
| 650 |
_aManagement _9241 |
||
| 942 | _cBK | ||
| 999 |
_c648 _d648 |
||